000 00476nam a2200193Ia 4500
003 OSt
005 20230517111719.0
008 210210b1957 xxu||||| |||| 00| 0 eng d
040 _cAL
041 _aFrench
082 _a230/41
100 _aDE CHARDIN (Pierre Tulhard)
_9106416
245 _aLe milien devin
_bEssay on the interior life
260 _aCollins
_bFontana Books
_c1957
300 _a160
690 _aReligion
_9106417
906 _a001277
942 _2ddc
_cBK
999 _c116175
_d116175